UM Logo

Advanced accounting: (Record no. 15718)

MARC details
000 -LEADER
fixed length control field 00521nam a22001577a 4500
008 - FIXED-LENGTH DATA ELEMENTS--GENERAL INFORMATION
fixed length control field 201104b ||||| |||| 00| 0 eng d
082 ## - DEWEY DECIMAL CLASSIFICATION NUMBER
Edition number 1998
Classification number DFil 657.076
Item number G93
100 ## - MAIN ENTRY--PERSONAL NAME
Personal name Guerrero, Pedro P.
9 (RLIN) 42514
245 ## - TITLE STATEMENT
Title Advanced accounting:
Remainder of title a procedural approach. Vol.1/
Statement of responsibility, etc. Pedro P. Guerrero, Jose F. Peralta
250 ## - EDITION STATEMENT
Edition statement 6th ed.
260 ## - PUBLICATION, DISTRIBUTION, ETC. (IMPRINT)
Place of publication, distribution, etc. Manila:
Name of publisher, distributor, etc. GIC Enterprises & Co.,
Date of publication, distribution, etc. ©1998.
300 ## - PHYSICAL DESCRIPTION
Extent iii, 322 pages;
Dimensions 23 cm.
650 ## - SUBJECT ADDED ENTRY--TOPICAL TERM
Topical term or geographic name as entry element Accounting.
9 (RLIN) 42515
700 ## - ADDED ENTRY--PERSONAL NAME
Personal name Peralta, Jose F.
9 (RLIN) 42516
942 ## - ADDED ENTRY ELEMENTS (KOHA)
Source of classification or shelving scheme Dewey Decimal Classification
Koha item type Filipiniana
Holdings
Withdrawn status Lost status Source of classification or shelving scheme Damaged status Not for loan Collection code Home library Current library Date acquired Source of acquisition Total Checkouts Full call number Barcode Date last seen Copy number Price effective from Koha item type Cost, replacement price
    Dewey Decimal Classification     Filipiniana UM Digos College - LIC UM Digos College - LIC 08/30/2000 Purchased   DFil 657.076 G93 1998 14364a 11/04/2020 1 11/04/2020 Filipiniana  
    Dewey Decimal Classification     Filipiniana UM Digos College - LIC UM Digos College - LIC 08/30/2000 Purchased   DFil 657.076 G93 1998 14365a 11/04/2020 2 11/04/2020 Filipiniana  
    Dewey Decimal Classification     Filipiniana UM Digos College - LIC UM Digos College - LIC 08/30/2000 Purchased   DFil 657.076 G93 1998 14368a 11/04/2020 5 11/04/2020 Filipiniana  
    Dewey Decimal Classification     Filipiniana UM Digos College - LIC UM Digos College - LIC 08/30/2000 Purchased   DFil 657.076 G93 1998 14366 05/15/2025 3 11/04/2020 Filipiniana  
    Dewey Decimal Classification     Filipiniana UM Digos College - LIC UM Digos College - LIC 08/30/2000 Purchased   DFil 657.076 G93 1998 14367a 11/04/2020 4 11/04/2020 Filipiniana  
    Dewey Decimal Classification     Filipiniana UM Digos College - LIC UM Digos College - LIC 08/30/2000 Purchased   DFil 657.076 G93 1998 14372a 11/04/2020 9 11/04/2020 Filipiniana 200.00